Central Library OPAC University of Rajshahi

Since 1945 : (Record no. 24319)

MARC details
000 -LEADER
fixed length control field 00848nam a2200289 4500
001 - CONTROL NUMBER
control field 24319
003 - CONTROL NUMBER IDENTIFIER
rucl marc code BD-RjUL
005 - DATE AND TIME OF LATEST TRANSACTION
control field 20211209001033.0
008 - FIXED-LENGTH DATA ELEMENTS--GENERAL INFORMATION
fixed length control field 130314r19711966enk b 001 0aeng
020 ## - INTERNATIONAL STANDARD BOOK NUMBER
International Standard Book Number 0423456601
International Standard Book Number 0423456709 (pbk)
035 ## - SYSTEM CONTROL NUMBER
System control number (BD-RjUL)24385
040 ## - CATALOGING SOURCE
Original cataloging agency DLC
Transcribing agency DLC
Modifying agency DLC
-- BD-RjUL
Language of cataloging eng
041 ## - LANGUAGE CODE
Language code of text/sound track or separate title eng
082 00 - DEWEY DECIMAL CLASSIFICATION NUMBER
Classification number 909.8208
Author mark and year SIN 1971
245 10 - TITLE STATEMENT
Title Since 1945 :
Statement of responsibility, etc. general editor James L. Henderson.
Remainder of title aspects of contemporary world history /
250 ## - EDITION STATEMENT
Edition statement 2nd ed.
260 ## - PUBLICATION, DISTRIBUTION, ETC. (IMPRINT)
Place of publication, distribution, etc. London :
Name of publisher, distributor, etc. Methuen,
Date of publication, distribution, etc. c 1966 [Reprinted 1971].
300 ## - PHYSICAL DESCRIPTION
Pagination 3-280 p. ;
Size 20 cm.
350 ## - PRICE (NR) (BK AM CF MU VM SE) [OBSOLETE]
Price £1.60
504 ## - BIBLIOGRAPHY, ETC. NOTE
Bibliography, etc Bibliography: p. 277-278. and index.
650 #0 - SUBJECT ADDED ENTRY--TOPICAL TERM
Topical term or geographic name as entry element World politics
Chronological subdivision 1945-1989.
9 (RLIN) 74882
700 1# - ADDED ENTRY--PERSONAL NAME
Personal name Henderson, James Lewis,
942 ## - ADDED ENTRY ELEMENTS (KOHA)
Source of classification or shelving scheme Dewey Decimal Classification
Koha item type Books
Holdings
Lost status Source of classification or shelving scheme Damaged status Not for loan Collection code Permanent Location Current Location Shelving location Date acquired Source of acquisition Cost, normal purchase price Total Checkouts Full call number Date last seen Copy number Koha item type
  Dewey Decimal Classification   Added to bundle Non-fiction Central Library, University of Rajshahi Central Library, University of Rajshahi Reading Room 01/01/1975 Jonathan ware & co. 1.05   909.8208 SIN 1971 13/03/2014 C-1 Books